Piłkarska kariera Miroslava Klose. - Statystyki

Ogólne statystyki
  • Ten quiz został rozwiązany 63 razy
  • Średni wynik to 2 z 8
Statystyki odpowiedzi
Lata Drużyna % Poprawnych
2011-2016 Lazio
94%
2007-2011 Bayern Monachium
85%
2004-2007 Werder Brema
43%
2000-2004 Kaiserslautern
20%
1999-1999 Homburg
4%
1997-1998 Blaubach
2%
1998-1999 Homburg II
0%
1999-2000 Kaiserslautern II
0%
Nie znaleziono quizów pasujących do podanych kryteriów
Rozkład punktacji
Procent ludzi z każdym wynikiem
Percentyl według liczby udzielonych odpowiedzi
Twoja historia wyników
Nie rozwiązałeś tego quizu